000 00328nam a22001337a 4500
008 181220b xxu||||| |||| 00| 0 eng d
020 _a0933388523
041 _aeng
080 _a159.9
100 _a48
101 _aPSI
245 _aEffective Counselling in Stuttering Therapy
_cThe Stuttering Foundation
942 _2udc
_cBK
999 _c53540
_d53540